Hodná holka /
Poznali byste sériového vraha, kdybyste ho potkali? A co kdyby vám každý den servíroval kávu? Strhující psychologický thriller irské autorky.
Uloženo v:
| Hlavní autor: | |
|---|---|
| Další autoři: | |
| Médium: | E-kniha |
| Jazyk: | Czech |
| Vydáno: |
V Praze :
Bourdon,
2025
|
| Vydání: | Vydání první |
| Témata: | |
| Tagy: |
Žádné tagy |
| LEADER | 02817nam a2200481 i 4500 | ||
|---|---|---|---|
| 001 | 312685 | ||
| 003 | CZ PrSKC | ||
| 005 | 20260601215727.0 | ||
| 007 | ta | ||
| 008 | 250319s2025 xr g 000 f cze | ||
| 015 | |a cnb003668389 | ||
| 020 | |a 9788076112728 |q (vázáno) | ||
| 035 | |a (OCoLC)1584377262 | ||
| 040 | |a ABG001 |b cze |e rda | ||
| 041 | 1 | |a cze |h eng | |
| 072 | 7 | |a 821.111-3 |x Anglická próza, anglicky psaná |2 Konspekt | |
| 080 | |a 821.111(415)-31 |2 MRF | ||
| 080 | |a (0:82-312.4) |2 MRF | ||
| 100 | 1 | |a Dunne, Michelle |7 xx0330485 |4 aut | |
| 240 | 1 | 0 | |a Good girl. |l Česky |
| 245 | 1 | 0 | |a Hodná holka / |c Michelle Dunne ; přeložila Markéta Musilová |
| 250 | |a Vydání první | ||
| 264 | 1 | |a V Praze : |b Bourdon, |c 2025 | |
| 300 | |a 326 stran ; |c 21 cm | ||
| 336 | |a text |b txt |2 rdacontent | ||
| 337 | |a bez média |b n |2 rdamedia | ||
| 338 | |a svazek |b nc |2 rdacarrier | ||
| 500 | |a Přeloženo z angličtiny | ||
| 500 | |a Obsahuje QR kód s odkazem k rozšiřujícím materiálům | ||
| 520 | 2 | |a Poznali byste sériového vraha, kdybyste ho potkali? A co kdyby vám každý den servíroval kávu? Strhující psychologický thriller irské autorky. |b Grace nevypadá jako ten typ ženy, která má doma muže přivázaného k židli a umírajícího pomalou smrtí. Drží se stranou a prochází životem relativně bez povšimnutí: pracuje v kavárně v irském Corku a stará se o svou sestru, které poskytuje dobré jídlo a čistý domov - tedy věci, které v dětství ani jedna z nich neměla. Grace a Amber však skrývají krutou a pohnutou minulost, o které ví své i detektiv Hughes - vždyť ostatně hluboce zasáhla do jeho vlastního života. Nad oběma sestrami stále drží ochrannou ruku, i když poslední dobou má dost napilno. Ve městě se totiž ztrácejí muži, a ačkoliv se zprvu zdá, že nemají nic společného, brzy si policie všimne fyzické podobnosti s někým z Graceiny minulosti... Nakladatelská anotace. | |
| 655 | 7 | |a irské romány (anglicky) |7 fd132475 |2 czenas | |
| 655 | 7 | |a detektivní romány |7 fd132010 |2 czenas | |
| 655 | 7 | |a thrillery (romány) |7 fd184206 |2 czenas | |
| 655 | 9 | |a Irish fiction (English) |2 eczenas | |
| 655 | 9 | |a detective novels |2 eczenas | |
| 655 | 9 | |a thrillers (novels) |2 eczenas | |
| 700 | 1 | |a Musilová, Markéta, |d 1977- |7 pna2007403662 |4 trl | |
| 710 | 2 | |a Bourdon (nakladatelství) |7 xx0221004 |4 pbl | |
| 900 | |a ABA001 |b 20 | ||
| 044 | |a xr | ||
| 910 | |a RBIT002 | ||
| 998 | |d 418107 |a https://core.palmknihy.cz/api/books/418107/cover?su1o5l |b https://core.palmknihy.cz/api/books/418107/cover/400?su1o5l |c https://core.palmknihy.cz/api/books/418107/cover/50?su1o5l |e 2030-12-31 |g 328 |i 9788076112728 |j https://core.palmknihy.cz/api/books/418107/preview.epub |l |q 49 |r 1 |s https://www.palmknihy.cz/kniha/418107 |t ebook |y 2025 |z 0 | ||
| 999 | |d 312683 | ||